Catálogo
 En Linea

Las civilizaciones prehispánicas de américa / (Registro nro. 34899)

Detalles MARC
000 -CABECERA
campo de control de longitud fija 00482nam a2200157 a 4500
001 - NÚMERO DE CONTROL
campo de control 000035408
005 - FECHA Y HORA DE LA ÚLTIMA TRANSACCIÓN
campo de control 20200930074324.0
008 - DATOS DE LONGITUD FIJA--INFORMACIÓN GENERAL
campo de control de longitud fija 111031s1959 ag a 000 0 spa d
040 ## - FUENTE DE LA CATALOGACIÓN
Centro catalogador/agencia de origen DO-SdBNP
Lengua de catalogación spa
Centro/agencia transcriptor BNPHU
082 ## - NÚMERO DE LA CLASIFICACIÓN DECIMAL DEWEY
Número de clasificación xxxx
Número de documento/Ítem xxxx
100 1# - ENTRADA PRINCIPAL--NOMBRE DE PERSONA
Nombre de persona Canals Frau, Salvador
9 (RLIN) 61238
245 14 - MENCIÓN DE TÍTULO
Título Las civilizaciones prehispánicas de américa /
Mención de responsabilidad, etc. Salvador Canals Frau.
250 ## - MENCIÓN DE EDICIÓN
Mención de edición 2a ed.
260 ## - PUBLICACIÓN, DISTRIBUCIÓN, ETC.
Lugar de publicación, distribución, etc. Buenos Aires, :
Nombre del editor, distribuidor, etc. Editorial sudamericana,
Fecha de publicación, distribución, etc. 1959.
300 ## - DESCRIPCIÓN FÍSICA
Extensión 639 p. :
Otras características físicas il. ;
Dimensiones 24 cm.
Existencias
Estado de retiro Estado de pérdida Restricciones de uso No para préstamo Código de colección Localización permanente Ubicación/localización actual Ubicación en estantería Fecha de adquisición Número de inventario Total de préstamos Signatura topográfica completa Código de barras Fecha visto por última vez Precio válido a partir de Tipo de ítem Koha Nota pública
      Excluido de préstamo Raros y valiosos General General Depósito 31.10.2011 LF1   xxxx xxxx 35408-10 25.06.2020 25.06.2020 No se presta Perteneció a la biblioteca personal de Juan Isidro Jimenes Grullón.

Con tecnología Koha